Jedna kalorie něhy : kandidátky /
Uložené v:
| Hlavný autor: | |
|---|---|
| Médium: | Kniha |
| Jazyk: | Czech Bulgarian |
| Vydané: |
Praha :
Dilia,
1987
|
| Vydanie: | 1. vyd. |
| Edícia: | Malá řada socialistických autorů
11 623 |
| Témy: | |
| ISBN: |
(brož.) |
| Fyzický popis: |
177 s. |
| Tagy: |
Pridať tag
Žiadne tagy, Buďte prvý kto otaguje tento záznam!
|
Titul je dostupný aj v ... 

MARC
| LEADER | 00000nam a2200000 a 4500 | ||
|---|---|---|---|
| 001 | 000289921 | ||
| 005 | 20061218131357.0 | ||
| 008 | 061218s1987 xr e 000 0 czeo | ||
| 020 | |a (brož.) | ||
| 040 | |a SVKKK |b slo |c SVKKK |e AACR2 | ||
| 041 | 1 | |a cze |h bul | |
| 044 | |a xr |c CZ | ||
| 100 | 1 | |a Danailov, Georgi, |d 1936- |4 aut | |
| 245 | 1 | 0 | |a Jedna kalorie něhy : |b kandidátky / |c Georgi Danailov |
| 250 | |a 1. vyd. | ||
| 260 | |a Praha : |b Dilia, |c 1987 | ||
| 300 | |a 177 s. | ||
| 440 | 0 | |a Malá řada socialistických autorů |v 11 623 | |
| 655 | 7 | |a umelecká literatúra |2 SVKKKPH | |
| 998 | |a BK | ||
| 090 | |g SCKHL |k Sklad Pribinova 2. posch. |a II.314346 |j 766421 |i B93614 |s Absenčne | ||